000 00308nam a2200097Ia 4500
008 230907s9999||||xx |||||||||||||| ||und||
082 _a577.14
_bADV
245 0 _aAdvanced Environmental Analysis (RSC detection science) :
300 _a2 vol. set; xxv, 534 (vol.1) pages ; xxv, 430 (vol.2) pages.
942 _cBK
999 _c600460
_d600460